000
00299nam a22001337a 4500
008
170815b xxu||||| |||| 00| 0 eng d
020
_a
9780323056298
041
_a
eng
080
_2
5TH
_a
51
100
_a
36
101
_a
MAT
245
_a
CALCULATE WITH CONFIDENCE
_c
MORRIS,D.G
942
_2
udc
_c
BK
999
_c
23546
_d
23546